000 00429nam a2200109Ia 4500
008 240731s9999 xx 000 0 und d
245 0 _aInternationale Vereinigung für Theoretische und Angewandte Limnologie: Mitteilungen : Internationale Vereinigung für Theoretische und Angewandte Limnologie: Mitteilungen
260 _bTaylor & Francis
856 _uhttps://www.tandfonline.com/loi/tinw18
942 _2ddc
942 _cTFEJ
999 _c77325
_d77325
945 _a1
_bMadushi Gamage
_c1
_dMadushi Gamage